000
00366nam a22001217a 4500
041
_a
rus
080
_a
908
245
_a
Матеріали І-ІІІ науково-краєзнавчих конференцій "Остріг на порозі 900-річчя (1990 - 1992 рр.)"
250
_a
М34
260
_a
Острог
_c
1992
300
_a
118
942
_c
BK
999
_c
210299
_d
210299